| 000 | 00413cam a2200169ua 4500 | ||
|---|---|---|---|
| 003 | OSt | ||
| 008 | 250405b |||||||| |||| 00| 0 eng d | ||
| 041 | _aeng | ||
| 082 |
_a624.15136 _bLIU/SO |
||
| 100 |
_aLiu, Chang . _97385 |
||
| 245 | _aSoils and Foundations / | ||
| 250 | _a1 / | ||
| 260 |
_aNew Jersey : _bPrentice Hall Inc , _c1981. |
||
| 300 | _a319 ; . | ||
| 700 | 1 |
_aEvett, Jac.B . _97386 |
|
| 942 | _cBK | ||
| 999 |
_c1419 _d1419 |
||